Principles of Mathematical Analysis (Record no. 2493)

MARC details
000 -LEADER
fixed length control field 00513nam a22001937a 4500
003 - CONTROL NUMBER IDENTIFIER
control field OSt
005 - DATE AND TIME OF LATEST TRANSACTION
control field 20191118145013.0
008 - FIXED-LENGTH DATA ELEMENTS--GENERAL INFORMATION
fixed length control field 151110b xxu||||| |||| 00| 0 eng d
020 ## - INTERNATIONAL STANDARD BOOK NUMBER
International Standard Book Number 0070856133
040 ## - CATALOGING SOURCE
Transcribing agency 040a
082 ## - DEWEY DECIMAL CLASSIFICATION NUMBER
Classification number 515
Item number RUD 1976
100 ## - MAIN ENTRY--PERSONAL NAME
Personal name Rudin, Walter
9 (RLIN) 6071
245 ## - TITLE STATEMENT
Title Principles of Mathematical Analysis
260 ## - PUBLICATION, DISTRIBUTION, ETC. (IMPRINT)
Place of publication, distribution, etc. Auckland;
Name of publisher, distributor, etc. McGraw-Hill book company,
Date of publication, distribution, etc. 1976
300 ## - PHYSICAL DESCRIPTION
Extent x,342p;
Other physical details ill :
Dimensions 8 cm
504 ## - BIBLIOGRAPHY, ETC. NOTE
Bibliography, etc includes index
650 ## - SUBJECT ADDED ENTRY--TOPICAL TERM
Topical term or geographic name as entry element Mathematics analysis
9 (RLIN) 810
942 ## - ADDED ENTRY ELEMENTS (KOHA)
Source of classification or shelving scheme Dewey Decimal Classification
Koha item type Short Loan
Holdings
Withdrawn status Lost status Source of classification or shelving scheme Damaged status Not for loan Home library Current library Date acquired Source of acquisition Inventory number Total Checkouts Full call number Barcode Date last seen Koha item type Price effective from
    Dewey Decimal Classification     MUST Main Library MUST Main Library 10/11/2015 Purchase 98/11866   515 RUD 1976 2015-2521 10/11/2015 Short Loan  
    Dewey Decimal Classification     MUST Main Library MUST Main Library 10/11/2015 Purchase 98/11865   515 RUD 1976 2015-2522 10/11/2015 Short Loan  
    Dewey Decimal Classification     MUST Main Library MUST Main Library 10/11/2015 Purchase 98/11862   515 RUD 1976 2015-2523 10/11/2015 Open Shelf  
    Dewey Decimal Classification     MUST Main Library MUST Main Library 08/12/2023 Purchase 98/11863   515 RUD 1976 2023-0712 08/12/2023 Open Shelf 08/12/2023